000 00534nam a2200205Ia 4500
005 20250923150201.0
008 008 250917s9999 xx 000 0 eng d
037 _aTextual
040 _aDSWL
_beng
_cDSWL
041 _aeng
_2eng
084 _qDSWL
100 _aGhosh, Partha
_9843155
245 0 _aEthnicity versus Nationalism
_cby Partha Ghosh
260 _aNew Delhi
_b Sage Publications
_c2003
300 _a501p.
365 _aINR
_b795 . 0
925 _g795 . 0
942 _cTEXL
999 _c1460539
_d1460539